[Event "RSA-ch U14 Girls"]
[Site "Gauteng"]
[Date "2017.04.11"]
[Round "11"]
[White "Moloto, Amogelang"]
[Black "Bouwer, Dane"]
[Result "1-0"]
[WhiteElo "1075"]
[BlackElo "929"]
[PlyCount "131"]
[EventDate "2017.04.05"]
[EventType "swiss"]
[EventRounds "11"]
[EventCountry "RSA"]
[SourceTitle "CBM 177 Extra"]
[Source "ChessBase"]
[SourceDate "2017.04.27"]
[SourceVersion "1"]
[SourceVersionDate "2017.04.27"]
[SourceQuality "1"]

1. e4 e5 2. Nf3 Nc6 3. Bc4 Bc5 4. d3 Nf6 5. a3 a5 6. Be3 Bxe3 7. fxe3 d5 8. exd5 Nxd5 9. Bxd5 Qxd5 10. e4 Qd6 11. Nc3 Qg6 12. Qe2 Bg4 13. h3 Nd4 14. Qf2 Bxf3 15. gxf3 Qh5 16. 0-0-0 Nxf3 17. Nd5 Rc8 18. Qa7 Qh6+ 19. Kb1 Qa6 20. Qxa6 bxa6 21. Rhf1 Ng5 22. h4 Ne6 23. Rd2 Rb8 24. Rdf2 Rf8 25. Ne3 Nd4 26. Nc4 Nb5 27. Kc1 a4 28. Nxe5 f6 29. Nc4 Ke7 30. Rg1 g6 31. Na5 Rb6 32. h5 g5 33. Re1 Re6 34. c3 f5 35. e5 Rh6 36. Rh1 g4 37. Nb7 Ke6 38. d4 f4 39. Rh4 Kf5 40. Kd2 Kg5 41. Rh1 Rxh5 42. Rxh5+ Kxh5 43. Rh2+ Kg6 44. Ke2 h5 45. Nc5 g3 46. Rh3 f3+ 47. Kf1 g2+ 48. Kf2 c6 49. Nd3 Nc7 50. Ne1 Ne6 51. Rg3+ Kh6 52. Nxf3 Nf4 53. Ke3 a5 54. Nh4 Rf7 55. Nxg2 Nxg2+ 56. Rxg2 h4 57. Rh2 Kg5 58. Rg2+ Kh5 59. c4 h3 60. Rf2 Rg7 61. e6 Kh4 62. Rf7 Rg8 63. e7 Re8 64. d5 cxd5 65. cxd5 h2 66. d6 1-0

[Event "RSA-ch U12 Girls"]
[Site "Bloemfontein"]
[Date "2016.03.24"]
[Round "9"]
[White "Bouwer, Dane"]
[Black "Buitendag, Nanique"]
[Result "1-0"]
[WhiteElo "1003"]
[BlackElo "1093"]
[PlyCount "65"]
[EventDate "2016.03.20"]
[EventType "swiss"]
[EventRounds "11"]
[EventCountry "RSA"]
[SourceTitle "CBM 171 Extra"]
[Source "ChessBase"]
[SourceDate "2016.04.26"]
[SourceVersion "1"]
[SourceVersionDate "2016.04.26"]
[SourceQuality "1"]

1. e4 e5 2. Nf3 Nc6 3. Nc3 Nf6 4. Bc4 Bc5 5. d3 h6 6. 0-0 0-0 7. h3 d6 8. Re1 Be6 9. Nd5 Nb4 10. Nxb4 Bxb4 11. c3 Ba5 12. b4 Bb6 13. Qb3 Re8 14. d4 d5 15. exd5 Bxd5 16. dxe5 Ne4 17. Be3 Bxc4 18. Qxc4 Bxe3 19. Rxe3 Nd2 20. Nxd2 Qxd2 21. e6 Rf8 22. exf7+ Rxf7 23. Rae1 Qxf2+ 24. Kh1 Rd8 25. Re8+ Rxe8 26. Rxe8+ Kh7 27. a4 Qc2 28. Qxf7 Qxa4 29. Rg8 Qa1+ 30. Kh2 Qxc3 31. Re8 Qxb4 32. Qf5+ g6 33. Qf7# 1-0